000 00669nam a22002177a 4500
003 UA-OsUOA
001 36783
007 ta
008 20060215b un ||||| |||| 00| 0 ukr d
100 _aНагребецька І.
090 _a352
_bН11
942 _cSA
040 _aUA-OsUOA
_bukr
_cUA-OsUOA
_dUA-OsUOA
245 _aУгору по кар'єрній драбині, або Віковий аспект як рушійна сила змін
300 _aС.6
955 _a0
041 _aukr
080 _a352
773 0 _w36782
650 7 _a35 Державно-адміністративне управління. Військова справа
_2UDC
999 _c323025
_d323025